000 00613nam a2200229Ia 4500
003 OSt
005 20251105111500.0
008 210210b2002 xxu||||| |||| 00| 0 eng d
020 _a81 260 1065 7
040 _cAL
041 _aEnglish
082 _a820.33 KARR
100 _aKARANTH (K Shivarama).
_993706
245 _aReturn to earth
260 _aBangalore
_bSahitya Akademi
_c2002
300 _axxiv,439
650 _aMarali mannige kannada translation
_993707
690 _aIndian English Fiction
_993708
700 _aPadma Ramachandra Sharma tr.
_9244030
906 _aSG04693
942 _2ddc
_cBK
999 _c115408
_d115408